000 00442nam a2200169 a 4500
005 20140412111258.0
008 000823s19uu xx 00 eng d
020 _a0-590-03031-0
050 _aTR(PS E
_bSn6
100 _aKeats, Ezra Jack
245 _aSnowy day (The) /
_cEzra JAck Keats.
260 _aNew York :
_bScholastic Inc,
_c1962.
300 _a1 v. (unp.) ; ill.
650 _aSnow-Fiction
999 _c103268
_d103268